000 00587nam a2200229Ia 4500
003 OSt
005 20220923230657.0
006 a|||||r|||| 00| 0
007 ta
008 Pun
024 _a304,689
037 _cTextual
040 _aARTS
_cARTS
_bPun
041 _2Pun
_aPun
082 _aV2:25wMHI, 153K0
100 _aਹੀਗ ਸਿੰਘ
245 0 _aਇਤਿਹਾਸਕ ਯਾਦਾਂ
260 _c1960
650 _aਭਾਰਤੀਯ ਇਤਿਹਾਸ
942 _hV2:25wMHI, 153K0
_cTEXL
_2CC
999 _c386496
_d386496